000 00344nam a2200133Ia 4500
008 220217s9999 xx 000 0 und d
245 0 _aSpecification for flexible tubing for medical use.
260 _c1966
500 _aStandard number: BS 1882
650 _aFlexible tubing
650 _aMedical use
650 _aRubber tube
942 _cST
999 _c73033
_d73033